Sports Quiz

Random Sports or Basketball Quiz

2013 NCAA Tourney: Click 'em Quiz Stats

 Plays Quiz not verified by Sporcle

Challenge
Share
Tweet
Embed
Score 0/68 Timer 06:00
0 Plays Today
% Correct
Arizona
89.8%
Duke
88.2%
Florida
85.8%
Kansas
85.8%
Cincinnati
85.3%
Creighton
85.3%
Indiana
85.3%
Butler
84.7%
Michigan
84.7%
Georgetown
84.4%
Michigan State
84.4%
Gonzaga
84.2%
Ohio State
84.2%
Marquette
83.6%
North Carolina
83.6%
Louisville
82.7%
Miami (FL)
82.7%
Oregon
82.7%
Kansas State
82.4%
Illinois
81.1%
Oklahoma State
81.1%
Akron
80.9%
Davidson
80.7%
Notre Dame
80.7%
Syracuse
80.7%
UCLA
80.7%
California
80.2%
Harvard
79.6%
Belmont
79.3%
Minnesota
79.3%
Pittsburgh
79.3%
Florida Gulf Coast
79.1%
Ole Miss
79.1%
Missouri
78.9%
% Correct
New Mexico
78.7%
Colorado
78.4%
Memphis
77.6%
Oklahoma
77.6%
Villanova
77.6%
Bucknell
77.3%
Boise State
76.9%
Iowa State
76.9%
Saint Louis
76%
Temple
76%
Colorado State
75.8%
La Salle
75.8%
San Diego State
75.8%
UNLV
75.6%
Wisconsin
75.1%
North Carolina State
73.6%
Saint Mary’s
72.9%
Albany
72.4%
Wichita State
70.9%
LIU Brooklyn
70.4%
New Mexico State
70.2%
Virginia Commonwealth
68.9%
Middle Tennessee
67.6%
Iona
66.2%
Liberty
65.8%
James Madison
64%
Montana
63.8%
Pacific
62.4%
Valparaiso
61.3%
Western Kentucky
59.3%
South Dakota State
59.1%
North Carolina A&T
58.4%
Southern
54.4%
Northwestern State
52.7%

You're not logged in!

Compare scores with friends on all Sporcle quizzes.
Join for Free
OR
Log In

You Might Also Like...

Show Comments

Extras

Top Quizzes Today


Score Distribution

Your Account Isn't Verified!

In order to create a playlist on Sporcle, you need to verify the email address you used during registration. Go to your Sporcle Settings to finish the process.

Report this User

Report this user for behavior that violates our Community Guidelines.

Details: